Entry Nombre personal
001 - NÚMERO DE CONTROL
- campo de control: 49444
003 - IDENTIFICADOR DE NÚMERO DE CONTROL
- campo de control: SpMaBN
005 - FECHA Y HORA DE LA ÚLTIMA TRANSACCIÓN
- campo de control: 20250811051507.0
008 - ELEMENTOS DE DATO DE LONGITUD-FIJA
- campo de control de longitud fija: 901120nn aijnnaabn a aaa
016 ## - NÚMERO DE CONTROL DE UNA AGENCIA BIBLIOGRÁFICA NACIONAL
- Número de control del registro: BNE19900053839
024 7# - IDENTIFICADOR DE OTROS ESTÁNDARES
- Número estándar o código: http://viaf.org/viaf/118875397/
- Fuente: viaf
024 7# - IDENTIFICADOR DE OTROS ESTÁNDARES
- Número estándar o código: https://isni.org/isni/0000000081878667
- Fuente: isni
024 7# - IDENTIFICADOR DE OTROS ESTÁNDARES
- Número estándar o código: http://www.wikidata.org/entity/Q6055968
- Fuente: wikidata
040 ## - FUENTE DE CATALOGACIÓN
- Centro catalogador/agencia de origen: SpMaBN
- Lengua de catalogación: spa
- Centro/agencia transcriptor: SpMaBN
- Normas de descripción: rdc
- Convención/Normas de encabezamiento de materia/tesauro: embne
100 1# - ENCABEZAMIENTO-NOMBRE DE PERSONA
- Nombre de persona: Fernández Albaladejo, Pablo,
- Fechas asociadas al nombre: 1946-
372 ## - CAMPO DE ACTIVIDAD
- Campo de actividad: Historia Moderna
- Fuente de información: (Dialnet)
374 ## - OCUPACIÓN
- Ocupación: Profesores
- Fuente de información: Wikidata
375 ## - GÉNERO/SEXO
- Género: Masculino
377 ## - IDIOMA ASOCIADO
- Código del idioma: spa
- Término de lengua/lenguaje: Español
400 1# - TRAZADO DE VÉASE--NOMBRE DE PERSONA
- Nombre de persona: Fernández, Pablo,
- Fechas asociadas al nombre: 1946-
670 ## - FUENTE DE DATOS ENCONTRADOS
- Cita de la fuente: Crisis en Europa, 1560-1660, 1983
- Información encontrada: (apéndice de Pablo Fernández Albaladejo)
670 ## - FUENTE DE DATOS ENCONTRADOS
- Cita de la fuente: Stile fiorentino, 2000
- Información encontrada: (Pablo Fernández Albaladejo, coord.)
670 ## - FUENTE DE DATOS ENCONTRADOS
- Cita de la fuente: Restigios, 2017
- Información encontrada: port. (Pablo Fernández Albadalejo) p. 4 de la cub. (Pablo Fernández Albadalejo (1946) ha sido profesor de historia moderna en la Universidad Autónoma de Madrid desde su momento fundacional y Profesor Emérito de su Departamento de Historia Moderna)
856 4# - LOCALIZACIÓN Y ACCESO ELECTRÓNICOS
- Identificador Uniforme de Recursos: https://dialnet.unirioja.es/servlet/autor?codigo=145552
